000 02737nam a2200373Ia 4500
999 _c55622
_d55622
001 22717
003 GE_BSU
005 20230426105703.0
008 181216s ||||ge |||||||||||||| ||geo||
020 _a9789941182747
040 _cGE_BSU
041 _ageo
080 _a159.953(075.8) დ-63
100 _aდობსონი, დებორა
_917760
245 _aმტკიცებულებებზე დაფუძნებული კოგნიტურ-ბიჰევიორული თერაპიის პრაქტიკა /
_cდებორა დობსონი, ქის. ს დობსონი ; მთარგმნელი ინეზა შარიქაძე ; სამეცნ. რედაქტორები ნატა მეფარიშვილი, თინათინ ჭინჭარაული, მარიკა ფანჯიკიძე.
264 _aთბილისი :
_b[გ.გ],
_c2017.
300 _a403 გვ. ;
_c25 სმ.
500 _aგამოცემა დაფინანსებულია ევროკომისიის TEMPUS-ის მექანიზმის მიერ
500 _aმე-2 გვ. სათაური ინგლისურ ენაზე
501 _aგანმარტებითი ლექსიკონი : გვ. 399-403
504 _aბიბლიოგრ. : გვ. 379-398
520 _aგამოცემა დაფინანსებულია ევროკომისიის TEMPUS-ის მექანიზმის მიერ.
541 _h20ლ.
653 _aEvidence-Based Practice OF Cognitive-Behavioral Therapy
653 _aკოგნიტურ-ბიჰევიორული ფსიქოლოგია -- სახელმძღვანელოები უმაღლესი სასწავლებლებისათვის.
653 _aმტკიცებულებებზე დაფუძნებული კოგნიტურ-ბიჰევიორული თერაპიის პრაქტიკა
653 _aფსიქოლოგია
700 _aდობსონი, ქის. ს.
_eავტორი
_917791
700 _aშარიქაძე, ინეზა
_eმთარგმნელი
_917792
700 _aმეფარიშვილი, ნატა
_eრედაქტორი
_917793
700 _aჭინჭარაული, თინათინ
_eრედაქტორი
_917794
700 _aფანჯიკიძე, მარიკა
_eრედაქტორი
_917795
942 _cBK
_2udc